Slovensko a Benešove dekréty
Gespeichert in:
| 1. Verfasser: | |
|---|---|
| Format: | Buch |
| Sprache: | Slowakisch |
| Veröffentlicht: |
Bratislava
BELIMEX
2002
|
| Schlagworte: | |
| Tags: |
Keine Tags, Fügen Sie das erste Tag hinzu!
|
MARC
| LEADER | 00000nam a2200000 4500 | ||
|---|---|---|---|
| 001 | c140531 | ||
| 005 | 20221124094817.7 | ||
| 020 | |a 80-89083-22-6 | ||
| 041 | 0 | |a slo | |
| 044 | |a SK | ||
| 245 | 1 | 0 | |a Slovensko a Benešove dekréty |c Jozef Beňa |
| 264 | 1 | |a Bratislava |b BELIMEX |c 2002 | |
| 300 | |a 251 s. | ||
| 610 | 2 | 0 | |a dejiny |
| 610 | 2 | 0 | |a história |
| 610 | 2 | 0 | |a politika vnútorná |
| 610 | 2 | 0 | |a politika zahraničná |
| 610 | 2 | 0 | |a moc zákonodarná |
| 610 | 2 | 0 | |a štát |
| 610 | 2 | 0 | |a dokumenty vládne |
| 610 | 2 | 0 | |a prezidenti |
| 610 | 2 | 0 | |a zmluvy medzinárodné |
| 610 | 2 | 0 | |a občianstvo štátne |
| 610 | 2 | 0 | |a pohyb obyvateľstva |
| 610 | 2 | 0 | |a menšiny národnostné |
| 610 | 2 | 0 | |a zákony |
| 610 | 2 | 0 | |a súdnictvo |
| 610 | 2 | 0 | |a predpisy právne |
| 610 | 2 | 0 | |a Slovensko |
| 610 | 2 | 0 | |a Československo |
| 610 | 2 | 0 | |a Maďarsko |
| 610 | 2 | 0 | |a Beneš, E. |
| 100 | 1 | |a Beňa, Jozef | |